Commerce education in North - East India / (Record no. 38870)

MARC details
000 -LEADER
fixed length control field 00861nam a22002417a 4500
005 - DATE AND TIME OF LATEST TRANSACTION
control field 20100803111859.0
010 ## - LCCN (DPL NO)
LC control number ENG-97682
020 ## - INTERNATIONAL STANDARD BOOK NUMBER
International Standard Book Number 8183243495
Terms of availability 900.00
020 ## - INTERNATIONAL STANDARD BOOK NUMBER
International Standard Book Number 9788183243490
Terms of availability 900.00
035 ## - SYSTEM CONTROL NUMBER
System control number EN-81215
037 ## - SOURCE OF ACQUISITION
Source of stock number/acquisition DBAD/PUB
082 ## - DEWEY DECIMAL CLASSIFICATION NUMBER
Classification number 381.07109541
245 ## - TITLE STATEMENT
Title Commerce education in North - East India /
Statement of responsibility, etc edited by A. Rajmani Singh
260 ## - PUBLICATION, DISTRIBUTION, ETC. (IMPRINT)
Place of publication, distribution, etc New Delhi
Name of publisher, distributor, etc Mittal Publications
Date of publication, distribution, etc 2010
270 ## - ADDRESS
Address 4594/9, Daryaganj
City New Delhi
Postal code 110002
300 ## - PHYSICAL DESCRIPTION
Extent xx,331p.
Dimensions 22cm (Hb)
500 ## - GENERAL NOTE
General note Includes index
650 ## - SUBJECT ADDED ENTRY--TOPICAL TERM
Topical term or geographic name as entry element Commerce
650 ## - SUBJECT ADDED ENTRY--TOPICAL TERM
Topical term or geographic name as entry element Education of Commerce
700 ## - ADDED ENTRY--PERSONAL NAME
Personal name Rajmani Singh
9 (RLIN) 4794
942 ## - ADDED ENTRY ELEMENTS (KOHA)
Source of classification or shelving scheme Dewey Decimal Classification
Item type English Books
Classification part 381.07109541
Call number suffix COM
Holdings
Withdrawn status Lost status Not for loan Collection code Home library Current library Date acquired Source of acquisition Cost, normal purchase price Full call number Barcode Copy number Cost, replacement price Koha item type
    Not For Loan Non-fiction D.B.Act.Division D.B.Act.Division 03/08/2010 DBAD/PUB 900.00 381.07109541 COM EN-81215 1 900.00 English Books

© Delhi Public Library
Hit Counter
free hit counter